000 00558nam a2200169Ia 4500
008 090124s9999 xx 000 0 und d
082 _b101932
100 _aत्रिपाठी सुर्यकांत ''निराला''
245 _a अलका
250 _a1
300 _a219
600 _aत्रिपाठी सुर्यकांत ''निराला''
630 _a अलका
700 _aत्रिपाठी सुर्यकांत ''निराला''
730 _a अलका
942 _cBOOK
999 _c148024
_d148024